Juventud y solidaridad /
Guardado en:
| Hovedforfatter: | |
|---|---|
| Format: | Texto |
| Fag: | |
| Tags: |
Tilføj Tag
Ingen Tags, Vær først til at tagge denne postø!
|
MARC
| LEADER | 00000 a a2200000 04500 | ||
|---|---|---|---|
| 001 | 18302 | ||
| 003 | |||
| 040 | |||
| 100 | |a Gutiérrez Resa, Antonio | ||
| 245 | |a Juventud y solidaridad / |c Antonio Gutiérrez Resa | ||
| 500 | |a Universidad Nacional de Educación a Distancia | ||
| 650 | |a JUVENTUD | ||
| 650 | |a SISTEMAS DE VALORES | ||
| 650 | |a VALORES SOCIALES | ||
| 650 | |a CAMBIO SOCIAL | ||
| 650 | |a SERVICIOS VOLUNTARIOS | ||
| 650 | |a ENCUESTAS | ||
| 650 | |a SISTEMAS DE VALORES | ||
| 650 | |a VOLUNTARIOS | ||
| 773 | |g número 15; páginas 109-123 | ||
| 999 | |c 40192 |d 40192 | ||
